000 00470nam a2200181Ia 4500
003 GCL
008 140319s9999 xx 000 0 eng d
040 _aGCL /
_cGCL
082 0 4 _a822
_bB L
100 1 _aBLACKMORE, R D
245 1 0 _aLORNA DOONE, AROMANCE OF EXMOOR /
_cBLACKMORE, R D
260 _a[S.N] :
_bDAILY EXPRESS PUBLICATIONS ،
_c1933
300 _a623 P
650 0 4 _aENGLISH LITERATURE
650 0 4 _aLITERATURE
650 0 4 _aFICTION
942 _2ddc
_cBK
999 _c19435
_d19435